International trade reforms and Iranian economy / (Record no. 88417)

MARC details
000 -LEADER
fixed length control field 00699nam a22002057a 4500
005 - DATE AND TIME OF LATEST TRANSACTION
control field 20140910111721.0
010 ## - LCCN (DPL NO)
LC control number ENG-110788
020 ## - INTERNATIONAL STANDARD BOOK NUMBER
International Standard Book Number 9788183875455
Terms of availability 795.00
035 ## - SYSTEM CONTROL NUMBER
System control number EN-94320
037 ## - SOURCE OF ACQUISITION
Source of stock number/acquisition DBAD/PUB
082 ## - DEWEY DECIMAL CLASSIFICATION NUMBER
Classification number 381.0955
100 ## - MAIN ENTRY--PERSONAL NAME
Personal name Karim Koshteh MH
245 ## - TITLE STATEMENT
Title International trade reforms and Iranian economy /
Statement of responsibility, etc by Karim Koshteh MH [and] Salarpour Mashallah
260 ## - PUBLICATION, DISTRIBUTION, ETC. (IMPRINT)
Place of publication, distribution, etc Delhi
Name of publisher, distributor, etc Serials Publications
Date of publication, distribution, etc 2012
270 ## - ADDRESS
Address 4830/24,Prahlad Street, Ansari Road ,Darya Ganj
City New Delhi
Postal code 110002
300 ## - PHYSICAL DESCRIPTION
Extent xii,211p.
Dimensions 22cm(Hb)
500 ## - GENERAL NOTE
General note Includes bibliographical references and index
700 ## - ADDED ENTRY--PERSONAL NAME
Personal name Salarpour Mashallah
942 ## - ADDED ENTRY ELEMENTS (KOHA)
Source of classification or shelving scheme Dewey Decimal Classification
Item type English Books
Classification part 381.0955
Call number suffix KAR
Holdings
Withdrawn status Lost status Not for loan Collection code Home library Current library Date acquired Source of acquisition Cost, normal purchase price Full call number Barcode Copy number Cost, replacement price Koha item type
    Not For Loan Non-fiction D.B.Act.Division D.B.Act.Division 09/09/2014 DBAD/PUB 795.00 381.0955 KAR EN-94320 1 795.00 English Books

© Delhi Public Library
Hit Counter
free hit counter